000 00825nam a22002415i 4500
001 12028
003 ES-MaACL
005 20240513120230.0
007 t|
008 960122s1995 sp ||||0| spa j
020 _a84-7898-088-1
040 _aM-BN
_bspa
_cM-BN
080 _a860 Ayala, Francisco 1.06(082.2)
245 0 3 _aEl universo plural de Francisco Ayala /
_cManuel Angel Vázquez Medel (ed.).
260 _aSevilla :
_bAlfar,
_cD.L. 1995.
300 _a113 p ;
_c22 cm.
490 1 _aAlfar universidad. Serie investigación y ensayo ;
_v62
600 1 4 _aAyala, Francisco,
_d1906-2009-
_vHomenajes
_924114
700 1 _aVázquez Medel, Manuel Ángel.
_9113461
830 0 _aAlfar universidad. Serie investigación y ensayo ;
_v62
_9236342
852 _aES-MaACL
_jL-19372
_bR.125715
999 _c12028
_d12028